000 00740nam a2200241Ia 4500
003 OSt
005 20220923211846.0
006 a|||||r|||| 00| 0
007 ta
008 220922b |||||||| |||| 00| 0 hin d
024 _a60,039
037 _cTextual
040 _aARTS
_cARTS
_bhin
041 _2hin
_ahin
082 _aQ21:224, 152K0
100 _aव्यास
245 0 _aबामनपुराण भाषा, श्यामसुन्दरलाल त्रिपाठी अनु
246 _aBāhinapurāṇ bhāṣhā, shyāmasundaralāl tripāṭhī anu0
260 _c1960
300 _a422p
_ccm.
942 _hQ21:224, 152K0
_cTEXL
_2CC
999 _c304153
_d304153